LDR 00925naa#a2200193#i#450# 001 RU\\bibl\120269 005 20260417230037.5 011 ## _a1819-4036 100 ## _a20210331b2021####ek#y0rusy0150####ca 102 ## _aRU 200 1# _aНЕКОТОРЫЕ ВОПРОСЫ ПОВЫШЕНИЯ ЖИЗНЕСТОЙКОСТИ ПЧЕЛ В УСЛОВИЯХ ТЕХНОГЕНЕЗА _eЖурнальная статья 210 1# _aКрасноярск _cКрасноярский государственный аграрный университет _d2021 215 ## _a4 с. 608 ## _aЖурнальная статья _2local 675 ## _aУход, разведение и содержание насекомых и прочих членистоногих. 638 _z 700 #1 _aПашаян _gСусанна Арестовна 700 #1 _aСидорова _gКлавдия Александровна 700 #1 _aЮрина _gТ А 856 4# _asej.kgau.ru _u